MDQL
is popping MORE tags! Check the
thread
!
Quizzes
Events
Quiz Creation
Community
Videos
Private Events
Remove Ads
Sign In
Join for FREE
Feedback
Dark Mode
Quiz Categories
Sports
Geography
Music
Movies
Television
Just For Fun
Miscellaneous
History
Literature
Language
Science
Gaming
Entertainment
Religion
Holiday
For Kids
Quiz Lab
Recent
Popular Today
Quiz Kudos Today
Editor Picks
Curator Picks
Quizzes by...
Day
Popularity
Type
Ratings
Length
Year
Community
Subscriptions
Recent Discussions
Orange Saloon
Badges
Playlists
Quests
Create
Leaderboards
Showdown
Live 5
Trivia Bingo
Activity
Puzzle Library
Sporcle Events
Private Events
Virtual Trivia
Globe League
Become a Host
Pub Owners
SporcleCon
Opinionation
Our Games
Videos
Blog
Mobile Apps
Partnerships
Remove Ads and Go Orange
Feedback
Gaming
Video Games
Board Games
Card Games
Pokémon
Mario
Nintendo
Minecraft
Console
Toys
Legend of Zelda
Gaming
Video Games
Board Games
Card Games
Pokémon
Mario
Nintendo
Minecraft
Console
Toys
Legend of Zelda
Random Quiz
Search Sporcle
×
Quiz Lab
Quiz Lab
Gaming
Anime
Type answers based on single images at one time
Type answers based on single images at one time
Slideshow
Best Score? Go Orange.
Touhou characters by picture (TH1-TH18) Stats
Can you name Touhou characters by picture? It starts easy then it gets harder as you progress
By
Kashiwazaki
19m
167 Questions
6,783 Plays
6,783 Plays
6,783 Plays
Comments
Comments
Give Quiz Kudos
Give Quiz Kudos
-
- Ratings
hide this ad
More Info
Replay
Link that replays current quiz
Next Quiz
Link to next quiz in quiz playlist
You Got
0%
They Got
Avg Score
56%
Avg Friend Score
Upgrade to see
Score Distribution
Jump to the score distribution portion of the page
Score
0/167
Timer
19:00
3
Plays Today
% Correct
Reimu Hakurei
98.9%
Marisa Kirisame
97.6%
Cirno
96.6%
Remilia Scarlet
96%
Sakuya Izayoi
96%
Flandre Scarlet
95.7%
Patchouli Knowledge
94.6%
Alice Margatroid
93.8%
Reisen Udongein Inaba
92.8%
Youmu Konpaku
92.6%
Hong Meiling
92.6%
Yukari Yakumo
91.6%
Chen
91.3%
Aya Shameimaru
91.2%
Sanae Kochiya
90.6%
Yuyuko Saigyouji
90.4%
Tewi Inaba
89.7%
Ran Yakumo
88.8%
Fujiwara no Mokou
88.2%
Kaguya Houraisan
88%
Rumia
87.8%
Koishi Komeiji
86.5%
Suika Ibuki
86.3%
Satori Komeiji
86.3%
Nitori Kawashiro
85.7%
Eirin Yagokoro
85.4%
Clownpiece
85.4%
Wriggle Nightbug
84.7%
Tenshi Hinanawi
83.7%
Suwako Moriya
83.2%
Yuuka Kazami
82.9%
Koakuma
81.2%
Utsuho Reiuji
81.1%
Rin Kaenbyou
79.6%
Daiyousei
78.1%
Momiji Inubashiri
77.6%
Nazrin
77.4%
Lily White
76.1%
Junko
76%
Mima
75.9%
Keine Kamishirasawa
75.6%
Nue Houjuu
75.3%
Letty Whiterock
74.8%
Byakuren Hijiri
74.8%
Eiki Shiki Yamaxanadu
74.2%
Mystia Lorelei
74.1%
Shion Yorigami
73.9%
Hecatia Lapislazuli
72.7%
Kogasa Tatara
72.3%
Kanako Yasaka
72.1%
Doremy Sweet
71.9%
Yuugi Hoshiguma
71.9%
Hata no Kokoro
71.8%
Medicine Melancholy
70.9%
Hina Kagiyama
70.8%
Komachi Onozuka
70.4%
% Correct
Lyrica Prismriver
70.1%
Merlin Prismriver
69.3%
Toyosatomimi no Miko
69.1%
Rinnosuke Morichika
68.4%
Jo'on Yorigami
68.2%
Star Sapphire
67.8%
Lunasa Prismriver
67.8%
Sunny Milk
67.6%
Oota Jun'ya
67%
Seija Kijin
67%
Mononobe no Futo
65.1%
Kasen Ibaraki
64.8%
Parsee Mizuhashi
64.8%
Luna Child
64.4%
Seiga Kaku
64.2%
Minamitsu Murasa
64.1%
Iku Nagae
63.3%
Hatate Himekaidou
63.2%
Reimu Hakurei (PC-98)
62.6%
Sekibanki
62.4%
Mamizou Futatsuiwa
60.4%
Ringo
60.1%
Renko Usami
59.2%
Aunn Komano
58.9%
Okina Matara
58.9%
Eternity Larva
58.8%
Maribel Hearn
58.4%
Kagerou Imaizumi
56.7%
Shinmyoumaru Sukuna
55.7%
Sumireko Usami
55.3%
Wakasagihime
55.1%
Seiran
55%
Shanghai Doll
55%
Raiko Horikawa
54.4%
Shou Toramaru
53.5%
Yoshika Miyako
53%
Marisa Kirisame (PC-98)
52.5%
Elly
52.2%
Yamame Kurodani
52%
Minoriko Aki
51.6%
Ichirin Kumoi
51.4%
Kisume
51.3%
Alice Margatroid (PC-98)
51.2%
Genji
50.4%
Sariel
50.2%
Hieda no Akyuu
50.1%
Kyouko Kasodani
49.8%
Mike Goutokuji
48.4%
Shizuha Aki
48.4%
Sagume Kishin
48%
Keiki Haniyasushin
47.7%
Orange
47%
Unzan
46.2%
Hourai Doll
45.6%
Mai Teireida
45.4%
Yuuka Kazami (PC-98)
43.6%
% Correct
Watatsuki no Yorihime
43.6%
Kosuzu Motoori
43.4%
Saki Kurokoma
42.7%
Soga no Tojiko
41.1%
Satono Nishida
40.2%
Shinki
39.9%
Chimata Tenkyuu
39.3%
Kutaka Niwatari
39.1%
Yachie Kicchou
38.7%
Gyokuto (Reisen II)
38.7%
Youki Konpaku
37.9%
Eika Ebisu
35.1%
Yuuma Toutetsu
34.8%
Tsukasa Kudamaki
34.7%
Urumi Ushizaki
34.3%
Mayumi Joutouguu
34.2%
Benben Tsukumo
33.6%
Yumemi Okazaki
33.2%
Rika
31.6%
Konngara
30.9%
Mimi-chan
30.6%
Watatsuki no Toyohime
30.1%
Narumi Yatadera
30.1%
Yatsuhashi Tsukumo
29.4%
Momoyo Himemushi
28.6%
Megumu Iizunamaru
28.2%
Nemuno Sakata
27.9%
Miyoi Okunoda
27.4%
Chiyuri Kitashirakawa
27.2%
Mai
27%
Yumeko
26.9%
Rin Satsuki
26.9%
Gengetsu
26.6%
Myouren Hijiri
26.4%
Tokiko
25.5%
Takane Yamashiro
25.5%
Ellen
25.4%
Kotohime
25.4%
Elis
25%
Meira
24.7%
SinGyoku
24.5%
Layla Prismriver
24%
Sannyo Komakusa
23.7%
Kana Anaberal
23.3%
YuugenMagan
23%
Louise
22.1%
Rikako Asakura
22.1%
Yuki
22.1%
Ruukoto
21.7%
Kikuri
21.2%
Kurumi
20.9%
Mugetsu
20.1%
Sara
19.5%
Misumaru Tamatsukuri
19.1%
Mizuchi Miyadeguchi
15.3%
Quiz Playlist
Details
Report
Send in Message
Add To Playlist
More Info:
The difficulty order is based from results from this quiz and other similar quizzes
Slideshow:
Type answers based on single images at one time
Last Updated: Apr 21, 2022
Quiz Scoreboard
CHALLENGE
Sign Up to Join the Scoreboard
Show All
Scores
Hide
Comments
May contain spoilers
Recently Published
Image Sorting: Flags VI
by Barbecue
Geography
2m
Find the 'City' Movie
by crazypaving
Movies
60s
Colored Red Africa Blitz
by spor1
Geography
45s
More to Explore
Quiz From the Vault
Featured Blog Post
14 Easter Pick-up Lines to Find Eggs With
hide this ad
You Might Also Like...
Tags
Anime Quiz
Video Games Quiz
Characters
indie games
Shooter
touhou
Touhou Project
Today's Top Quizzes in Gaming
Browse Gaming
hide this ad
Today's Top Quizzes in Anime
Browse Anime
Top Contributed Quizzes in Gaming
1
League of Legends Pro Players by Career/Team History
2
Destiny 2 exotic weapons by perk icons
3
Genshin murder mystery
4
Dead By Daylight Logic Puzzle
5
Genshin Impact Logic Puzzle
6
Overwatch Logic Puzzle
7
4x4 Decades: Video Games
8
Who's on the WWE 2K24 Cover?
9
Overwatch 2: Ultimate Ability Icons
10
Valorant Agent Developer Names (Up to Clove)
Explore More
Trending Topics
Anime
NBA
Harry Potter
Crossword
Disney
Marvel
Kpop
WWE
Pokémon
NFL
The Office
Song
Puzzle
Soccer
Country
hide this ad
More By:
Kashiwazaki
Quiz
Plays
Rating
Category
Featured
Created
Touhou characters by picture (TH1-TH18)
6,783
4.50
Gaming
May 30, 2020
Touhou characters by picture (Full name only)
517
5.00
Gaming
May 30, 2020
Touhou Characters by First Appearance [TH01-TH18]
279
2.83
Gaming
Apr 19, 2022
Go to Creator's Profile
Score Distribution
Quiz Creator Spotlight
Kashiwazaki
Follow
Send a Message
Quizzes Created
-
Created Quiz Play Count
-
More By This Creator
Popular Quizzes Today
1
Colored Red Africa Blitz
2
Find the US States - No Outlines Minefield
3
Find the 'City' Movie
4
5x2 Blitz: Bands
5
The Countries of the World
6
Find the US States
7
Find the Countries of Europe - No Outlines Minefield
8
US States
More Gaming Quizzes
Metal Gear Chronological Order
Quiz Lab
Trending Quizzes
Colored Red Europe Blitz I
Colored Red Europe Blitz II
Colored Red Africa Blitz II
Colored Red Europe Blitz III
Colored Red Africa Blitz III
Recently Updated
How Do You Spell That?
pecheneg
Godzilla Movies
pecheneg
Grab Bag: 4-10 Letters
pecheneg
2024 March Madness Bracket
pecheneg
Famous TV Couples
Peacemaker
Champions League XIs: Real Madrid
pecheneg
Largest US Cities 1790-2010
pecheneg
Rides in Walt Disney World
pecheneg
Most Oscar Losses (Acting)
pecheneg
Beyoncé Albums
pecheneg
Trending Topics
Crossword
Kpop
Disney
Harry Potter
Anime
NBA
Marvel
WWE
Country
Puzzle
Song
NFL
Soccer
Pokémon
The Office
Your Account Isn't Verified!
In order to create a playlist on Sporcle, you need to verify the email address you used during registration. Go to your
Sporcle Settings
to finish the process.
Report this User
Report this user for behavior that violates our
Community Guidelines
.
Details:
Send Report
Go to the Sporcle.com Mobile Site →
Comments